Pankový pohádky /
Originální sbírka pohádek, ve které si autor pohrává s tradičními pohádkovými motivy, převrací je naruby a libuje si v nekonvenčním humoru a rebelii vůči klasickým narativům.
Uloženo v:
| Hlavní autor: | |
|---|---|
| Médium: | E-kniha |
| Jazyk: | Czech |
| Vydáno: |
V Praze :
[Luboš Vocásek],
2025
|
| Vydání: | 1. vydání |
| Témata: | |
| Tagy: |
Žádné tagy |
| LEADER | 02014nam a2200397 i 4500 | ||
|---|---|---|---|
| 001 | 312834 | ||
| 003 | CZ PrSKC | ||
| 005 | 20260601215729.0 | ||
| 007 | ta | ||
| 008 | 251009s2025 xr a g 000 j cze | ||
| 015 | |a cnb003703668 | ||
| 020 | |a 9788011072773 |q (brožováno) | ||
| 035 | |a (OCoLC)1559932815 | ||
| 040 | |a ABG001 |b cze |e rda | ||
| 072 | 7 | |a 821.162.3-3 |x Česká próza |2 Konspekt | |
| 080 | |a 821.162.3-32 |2 MRF | ||
| 080 | |a (0:82-321.5) |2 MRF | ||
| 100 | 1 | |a Vocásek, Luboš |7 av20231179582 |4 aut |4 pbl | |
| 245 | 1 | 0 | |a Pankový pohádky / |c Luboš Vocásek |
| 250 | |a 1. vydání | ||
| 264 | 1 | |a V Praze : |b [Luboš Vocásek], |c 2025 | |
| 264 | 3 | |b Expresta s.r.o. | |
| 300 | |a 162 stran : |b barevné ilustrace ; |c 17 cm | ||
| 336 | |a text |b txt |2 rdacontent | ||
| 337 | |a bez média |b n |2 rdamedia | ||
| 338 | |a svazek |b nc |2 rdacarrier | ||
| 520 | 2 | |a Originální sbírka pohádek, ve které si autor pohrává s tradičními pohádkovými motivy, převrací je naruby a libuje si v nekonvenčním humoru a rebelii vůči klasickým narativům. |b Proč by se dobro a zlo vždy mělo držet stále stejných kolejí? Proč by princezny musely tupě čekat na záchranu a draci museli být nutně zlí? A co kdyby se dala kletba vyřešit správně mířenou dlažební kostkou a záchrana království třeba bečkou piva? Vítejte ve světě pankovejch pohádek. Nakladatelská anotace. | |
| 655 | 7 | |a české příběhy |7 fd133973 |2 czenas | |
| 655 | 7 | |a humoristické příběhy |7 fd132430 |2 czenas | |
| 655 | 9 | |a Czech stories |2 eczenas | |
| 655 | 9 | |a humorous stories |2 eczenas | |
| 900 | |a ABA001 |b 19 | ||
| 044 | |a xr | ||
| 910 | |a RBIT002 | ||
| 998 | |d 422846 |a https://core.palmknihy.cz/api/books/422846/cover?t3l2m3 |b https://core.palmknihy.cz/api/books/422846/cover/400?t3l2m3 |c https://core.palmknihy.cz/api/books/422846/cover/50?t3l2m3 |e 2060-01-01 |g 174 |i 9788011072773 |j https://core.palmknihy.cz/api/books/422846/preview.epub |l |q 49 |r 1 |s https://www.palmknihy.cz/kniha/422846 |t ebook |y 2025 |z 0 | ||
| 999 | |d 312832 | ||